A gabonák szerepe a gasztronómiában és felhasználásuk a hazai vendéglátásban

Bibliographic Details
Main Author: Banádi Rebeka
Other Authors: Balog-Siposné Szőcze Anikó
Format: Thesis
Kulcsszavak:gabona
vendéglátás
gasztronómia
Online Access:http://dolgozattar.uni-bge.hu/14965

MARC

LEADER 00000nta a2200000 i 4500
001 dolg14965
005 20180726142550.0
008 180427suuuu hu om 000 hun d
040 |a BGE Dolgozattár Repozitórium  |b hun 
041 |a hu 
100 1 |a Banádi Rebeka 
245 1 2 |a A gabonák szerepe a gasztronómiában és felhasználásuk a hazai vendéglátásban  |c Banádi Rebeka  |h [elektronikus dokumentum] 
246 1 1 |a A gabonák szerepe a gasztronómiában és felhasználásuk a hazai vendéglátásban 
695 |a gabona 
695 |a vendéglátás 
695 |a gasztronómia 
700 1 |a Balog-Siposné Szőcze Anikó  |e ths 
856 4 0 |u http://dolgozattar.uni-bge.hu/14965/1/Ban%C3%A1di_Rebeka_szakdolgzat.pdf  |z Dokumentum-elérés